Представление документа в формате MARC21

ПолеНазваниеЗначение
  Тип записи a
  Библиографический уровень m
001 Контрольный номер RU/URAIT/583994
005 Дата корректировки 20260429163700.0
008 Кодируемые данные 260429s2026 RU y f j 000 0 rus u
020 Индекс ISBN __
a ISBN 978-5-534-19314-5
c Цена, тираж 2219.00
040 Источник каталогиз. __
a Служба первич. каталог. ИКО Юрайт
c Служба, преобразующая запись ИКО Юрайт
e Правила каталог. RCR
041 Код языка издания __
a Код языка текста rus
044 Код страны публикации __
a Код страны публикации RU
080 Индекс УДК __
a Индекс УДК 364.01(075.32)
084 Индекс другой классификации/Индекс ББК __
2 Источник индекса rubbk
a Индекс другой классификации/Индекс ББК 65.272я723
100 Автор __
a Автор Приступа Е. Н.
q Полное имя Приступа Елена Николаевна
245 Заглавие __
a Заглавие Теория и методика социальной работы
b Продолж. заглавия учебник и практикум для спо
c Ответственность Е. Н. Приступа.
250 Сведения об издании __
g пер. и доп
a Основные сведения об издании 3-е изд.
256 Характеристики компьютерного файла __
a Характеристики компьютерного файла Электрон. дан.
260 Выходные данные __
a Место издания Москва
b Издательство Юрайт
c Дата издания 2026
300 Физическое описание __
a Объем 430 с
440 Серия __
a Серия Профессиональное образование
500 Примечания __
a Примечание URL: https://urait.ru/bcode/583994 (дата обращения: 29.04.2026).
520 Аннотация __
a Аннотация В учебнике раскрыта теория социальной работы как научной и образовательной дисциплины. Рассмотрены область профессиональной деятельности специалистов по социальной работе, система социальной работы, основные технологии и др. Особое внимание уделено методологическим и практическим аспектам организации социальной работы с населением. В издании использован междисциплинарный, комплексный и системный подходы к структурированию и изложению материала. Учтены все требования к формированию общекультурных и профессиональных компетенций будущих специалистов по социальной работе. Все главы издания содержат вопросы к обсуждению и задания для самостоятельной работы, что позволяет применять интерактивные технологии обучения.
538 Прим. о системных особенностях __
a Прим. о системных особенностях Режим доступа: Электронно-библиотечная система Юрайт, для авториз. пользователей
653 Ключевые слова __
a Ключевые слова Социология
653 Ключевые слова __
a Ключевые слова Общественные науки
653 Ключевые слова __
a Ключевые слова Основы социальной работы
653 Ключевые слова __
a Ключевые слова Методика исследований в социальной работе
653 Ключевые слова __
a Ключевые слова Правовое обеспечение социальной работы
653 Ключевые слова __
a Ключевые слова Теория социальной работы
653 Ключевые слова __
a Ключевые слова Социальная работа
653 Ключевые слова __
a Ключевые слова Квалитология и квалиметрия в социальной работе
653 Ключевые слова __
a Ключевые слова Методы исследования в социальной работе
653 Ключевые слова __
a Ключевые слова Теория и методика социальной работы
653 Ключевые слова __
a Ключевые слова Теория, методика и практика социальной работы
653 Ключевые слова __
a Ключевые слова История и теория социальной работы
653 Ключевые слова __
a Ключевые слова Специальные методы в социальной работе
653 Ключевые слова __
a Ключевые слова Технологии в социальной работе
653 Ключевые слова __
a Ключевые слова Экономика и право в социальной работе
653 Ключевые слова __
a Ключевые слова Теоретические основы социальной работы
653 Ключевые слова __
a Ключевые слова Введение в социальную работу
653 Ключевые слова __
a Ключевые слова Методы исследований в социальной работе
653 Ключевые слова __
a Ключевые слова Методика исследования в социальной работе
856 Электронный адрес документа 40
n Местонахождение сервера Юрайт
g Электронная книга
q Тип электронного формата html
h Имя пользователя ЮРАЙТ
v Часы доступа к ресурсу 20271231
2 Способ доступа Показать документ
x Служебное примечание https://urait.ru/book/cover/CD5B09C3-55F1-401B-8EA6-F4EDF6E10B99
u URL https://urait.ru/bcode/583994
856 Электронный адрес документа 48
q Тип электронного формата cover
u URL https://urait.ru/book/cover/CD5B09C3-55F1-401B-8EA6-F4EDF6E10B99
911 __
u 0030=https://urait.ru/bcode/583994
911 __
u 073a=9785534193145
u 073d=2219.00
911 __
u 106a=s
911 __
u 900l=
952 Тип литературы __
i Дисциплина Основы социальной работы
952 Тип литературы __
i Дисциплина Методика исследований в социальной работе
952 Тип литературы __
i Дисциплина Правовое обеспечение социальной работы
952 Тип литературы __
i Дисциплина Теория социальной работы
952 Тип литературы __
i Дисциплина Социальная работа
952 Тип литературы __
i Дисциплина Квалитология и квалиметрия в социальной работе
952 Тип литературы __
i Дисциплина Методы исследования в социальной работе
952 Тип литературы __
i Дисциплина Теория и методика социальной работы
952 Тип литературы __
i Дисциплина Теория, методика и практика социальной работы
952 Тип литературы __
i Дисциплина История и теория социальной работы
952 Тип литературы __
i Дисциплина Специальные методы в социальной работе
952 Тип литературы __
i Дисциплина Технологии в социальной работе
952 Тип литературы __
i Дисциплина Экономика и право в социальной работе
952 Тип литературы __
i Дисциплина Теоретические основы социальной работы
952 Тип литературы __
i Дисциплина Введение в социальную работу
952 Тип литературы __
i Дисциплина Методы исследований в социальной работе
952 Тип литературы __
i Дисциплина Методика исследования в социальной работе